Surface water hydrology Vol.2 (Record no. 549955)
[ view plain ]
| 000 -LEADER | |
|---|---|
| fixed length control field | 00283nam a22001097a 4500 |
| 082 ## - DEWEY DECIMAL CLASSIFICATION NUMBER | |
| Classification number | 122 |
| Author Mark | AWA |
| -- | l-26, p-18 |
| 100 ## - MAIN ENTRY--PERSONAL NAME | |
| Personal name | Awan, N.M. |
| 9 (RLIN) | 2146 |
| 245 ## - TITLE STATEMENT | |
| Title | Surface water hydrology Vol.2 |
| Statement of responsibility, etc. | Awan, N.M. |
| 526 ## - STUDY PROGRAM INFORMATION NOTE | |
| Program name | 0 |
| Interest level | 0 |
| Reading level | 0 |
| Title point value | 122_000000000000000_AWA |
| 650 ## - SUBJECT ADDED ENTRY--TOPICAL TERM | |
| Topical term or geographic name entry element | MCE |
| 9 (RLIN) | 379 |
| 942 ## - ADDED ENTRY ELEMENTS (KOHA) | |
| Source of classification or shelving scheme | |
| Koha item type | Book |
| Withdrawn status | Lost status | Source of classification or shelving scheme | Damaged status | Not for loan | Permanent Location | Current Location | Date acquired | Total Checkouts | Full call number | Barcode | Date last seen | Price effective from | Koha item type |
|---|---|---|---|---|---|---|---|---|---|---|---|---|---|
| Military College of Engineering (MCE) | Military College of Engineering (MCE) | 10/17/2014 | 122 AWA | MCE-26805 | 10/17/2014 | 10/17/2014 | Book |
